Вып. 8 : Кольский диатомитовый сборник; Труды геоморфологического института

Λεπτομέρειες βιβλιογραφικής εγγραφής
Parent link:Труды геоморфологического института/ Академия наук СССР (АН СССР), Геоморфологический институт. Вып. 8 : Кольский диатомитовый сборник.— , 1931-1934
Γλώσσα:Ρωσικά
Γερμανικά
Έκδοση: 1934
Θέματα:
Μορφή: MixedMaterials Βιβλίο
KOHA link:https://koha.lib.tpu.ru/cgi-bin/koha/opac-detail.pl?biblionumber=337468

MARC

LEADER 00000nam2a2200000 4500
001 337468
005 20231102004943.0
035 |a (RuTPU)RU\TPU\book\363955 
035 |a RU\TPU\book\363954 
090 |a 337468 
100 |a 20171107d1934 k y0rusy50 ca 
101 0 |a rus  |a ger 
102 |a RU 
105 |a af z 000zy 
200 0 |a Вып. 8 : Кольский диатомитовый сборник 
210 |d 1934 
215 |a 214 с.  |c ил. 
461 1 |0 (RuTPU)RU\TPU\book\350681  |t Труды геоморфологического института  |f Академия наук СССР (АН СССР), Геоморфологический институт  |v Вып. 8 : Кольский диатомитовый сборник  |d 1931-1934 
606 1 |a Геоморфология  |2 stltpush  |3 (RuTPU)RU\TPU\subj\6207  |9 34142 
610 1 |a Кольский полуостров 
610 1 |a диатомиты 
610 1 |a изучение 
610 1 |a залегание 
610 1 |a морфологические характеристики 
610 1 |a диатомитовые породы 
610 1 |a географическое распространение 
610 1 |a озера 
610 1 |a лимнология 
610 1 |a библиотека М. А. Усова 
675 |a 551.4  |v 4 
801 1 |a RU  |b 63413507  |c 20171107 
801 2 |a RU  |b 63413507  |c 20180215  |g RCR 
942 |c BK